| 000 | 02667nam a22004697a 4500 | ||
|---|---|---|---|
| 008 | 140202b ck ||||| |||| 00| 0 spa d | ||
| 020 | _a987-545-067-7 | ||
| 082 | 0 | 4 | _a302.2 / O99r |
| 100 | 1 |
_aOrozco Gómez, Guillermo _971461 |
|
| 245 | 1 | 0 | _aRecepción y mediaciones : casos de investigación en América Latina / Coordinador Guillermo Orózco Gómez ... |
| 245 | 1 | 0 | _a[et al.] |
| 264 | _aBuenos Aires : Norma, 2002 | ||
| 300 | _a162 p. ; 18 cm. | ||
| 490 | 0 |
_aEnciclopedia Latinoamericana de Sociocultura y Comunicación _vNo. 20 _996740 |
|
| 505 | 0 | 0 | _aTravesías de la recepción en América Latina / Guillermo Orozco -- Historia de familia y etnografía, |
| 505 | 0 | 0 | _aprocedimientos metodológicos para un análisis integrado / Nilda Jacks -- Mediaciones y poder / Inesita Araújo |
| 505 | 0 | 0 | _a-- El discurso amoroso: un escenario para estudiar la recepción / Sarah Corona -- Hablar de los hablantes: |
| 505 | 0 | 0 | _aaproximación al discurso de la prensa escrita mexicana acerca del talk show / Martha Renero -- La construcción |
| 505 | 0 | 0 | _adel público desde el pensamiento nacional en la Argentina. La revista Crisis, un estudio de caso / Florencia |
| 505 | 0 | 0 | _aSaintout -- Estrategia de comunicación: una mirada comunicacional para la investigación sociocultural / Sandra |
| 505 | 0 | 0 | _aH. Massoni -- La cultura política desde la recepción: algunas notas teórico-metodológicas / Jorge Calles. |
| 520 | _aDice Guillermo Orozco Gómez: Este libro reúne corrientes, intereses y ámbitos de investigación diversos, | ||
| 520 | _aunidos por la convicción de que los procesos comunicativos a distintos niveles -y las interacciones mediáticas | ||
| 520 | _aen particular- son un campo fértil y necesario de exploración de los sujetos sociales contemporáneos. La | ||
| 520 | _arecepción en estas páginas es entendida en un sentido amplio en el que tiene cabida desde la típica percepción | ||
| 520 | _ade un programa, hasta la negociación y resistencia de los habitantes de una región particular frente a la | ||
| 520 | _ainformación que emana del poder. | ||
| 521 | _a1 ej. | ||
| 590 | _aBibliografía p. 153-162 | ||
| 650 | 1 | 4 |
_aSociologia de la cultura _9132233 |
| 650 | 1 | 4 |
_aComunicacion social _9104101 |
| 650 | 1 | 4 |
_aCultura politica _9105595 |
| 650 | 1 | 4 |
_aMedios de comunicacion _9116128 |
| 650 | 1 | 4 |
_aFondo ciencias sociales _9110921 |
| 700 | 1 |
_aJacks, Nilda _951087 |
|
| 700 | 1 |
_aAraújo, Inesita _927946 |
|
| 700 | 1 |
_aCorona, Sarah _937929 |
|
| 700 | 1 |
_aRenero, Martha _977745 |
|
| 700 | 1 |
_aSaintout, Florencia _981377 |
|
| 700 | 1 |
_aMassoni, Sandra H. _965838 |
|
| 700 | 1 |
_aCalles, Jorge _933784 |
|
| 999 |
_c21088 _d21088 |
||